000 00336nam a2200133Ia 4500
008 240624s9999 xx 000 0 und d
041 _aeng
082 _a823 SUR
100 _aSURAIYA JUG
245 _aJUST JUGGLERY JUGGLING ACT II
260 _c2011
_aNew Delhi
_bTimes Group Books
300 _a215 : p. : cm. ; 20
365 _cRS
_b25
999 _c20058
_d20058